[Event "Uljanovsk op"]
[Site "Uljanovsk"]
[Date "2010.02.13"]
[Round "8"]
[White "Sounov, Batyr"]
[Black "Chaplygin, Anton"]
[Result "1-0"]
[WhiteElo "1951"]
[BlackElo "2002"]
[PlyCount "57"]
[EventDate "2010.02.06"]
[EventType "swiss"]
[EventRounds "9"]
[EventCountry "RUS"]
[SourceTitle "CBM 134 Extra"]
[Source "ChessBase"]
[SourceDate "2010.03.03"]
[SourceVersion "1"]
[SourceVersionDate "2010.03.03"]
[SourceQuality "1"]

1. e4 e6 2. d4 d5 3. e5 c5 4. c3 Bd7 5. Nf3 Qb6 6. Be2 cxd4 7. cxd4 Bb5 8. 0-0 Bxe2 9. Qxe2 Nc6 10. Be3 Nge7 11. Nc3 Nf5 12. Rfd1 Be7 13. g4 Nh4 14. Nxh4 Bxh4 15. Na4 Qb4 16. Nc5 Be7 17. a3 Qb6 18. b4 a6 19. Rab1 Bxc5 20. bxc5 Qc7 21. Rb6 Na5 22. Rdb1 Ra7 23. Qb2 Nc4 24. Qb4 0-0 25. Rxb7 Rxb7 26. Qxb7 Qa5 27. c6 Qxa3 28. Qb4 h5 29. c7 1-0

[Event "Uljanovsk Cup"]
[Site "Uljanovsk"]
[Date "2009.12.20"]
[Round "8"]
[White "Sounov, Batyr"]
[Black "Uryadov, Sergey S"]
[Result "0-1"]
[WhiteElo "1951"]
[BlackElo "1908"]
[PlyCount "108"]
[EventDate "2009.12.05"]
[EventType "swiss"]
[EventRounds "9"]
[EventCountry "RUS"]
[SourceTitle "EXT 2012"]
[Source "ChessBase"]
[SourceDate "2011.11.24"]
[SourceVersion "1"]
[SourceVersionDate "2011.11.24"]
[SourceQuality "1"]

1. e4 e6 2. d4 d5 3. Nd2 c5 4. Ngf3 Nf6 5. e5 Nfd7 6. c3 Nc6 7. Bd3 Qb6 8. 0-0 cxd4 9. cxd4 Nxd4 10. Nxd4 Qxd4 11. Nf3 Qb6 12. Bf4 Be7 13. Rc1 Qd8 14. Nd4 a6 15. Qh5 g6 16. Qh6 Bf8 17. Qh3 Bg7 18. Nf3 h6 19. Rfe1 Nb8 20. Nd4 g5 21. Bd2 Bd7 22. Bb4 Nc6 23. Nxc6 Bxc6 24. Bd6 Qd7 25. b4 Rc8 26. Qe3 Bf8 27. a4 Bxd6 28. exd6 Qxd6 29. b5 axb5 30. axb5 Bd7 31. Rxc8+ Bxc8 32. Qd4 Rf8 33. Qf6 Qf4 34. Qc3 Ke7 35. Re5 Rd8 36. g3 Qf6 37. b6 Bd7 38. Qc5+ Ke8 39. Qd4 Rc8 40. Kg2 Bc6 41. Kg1 Ra8 42. Bf5 Kf8 43. Bc2 Ra2 44. Qc5+ Kg7 45. Re2 g4 46. Re1 d4 47. Kf1 Rb2 48. Kg1 Ba4 49. Re2 Ra2 50. Kf1 Ra1+ 51. Re1 Rxe1+ 52. Kxe1 Bxc2 53. Qxc2 Qf5 54. Qxf5 exf5 0-1

[Event "Uljanovsk Cup"]
[Site "Uljanovsk"]
[Date "2009.12.12"]
[Round "4"]
[White "Sounov, Batyr"]
[Black "Seyfutdinov, Rustam"]
[Result "0-1"]
[WhiteElo "1951"]
[BlackElo "1698"]
[PlyCount "79"]
[EventDate "2009.12.05"]
[EventType "swiss"]
[EventRounds "9"]
[EventCountry "RUS"]
[SourceTitle "EXT 2012"]
[Source "ChessBase"]
[SourceDate "2011.11.24"]
[SourceVersion "1"]
[SourceVersionDate "2011.11.24"]
[SourceQuality "1"]

1. e4 d5 2. exd5 Qxd5 3. Nc3 Qd8 4. Nf3 Nf6 5. Bc4 Bf5 6. 0-0 e6 7. d3 Be7 8. Bf4 c6 9. h3 Nbd7 10. Nh4 Bg6 11. Nxg6 hxg6 12. Ne4 Nb6 13. Bb3 Nbd5 14. Bg3 0-0 15. Re1 a5 16. a3 Rc8 17. Qf3 b5 18. Rad1 a4 19. Ba2 b4 20. axb4 Nxb4 21. Bb1 Qb6 22. c3 Nbd5 23. c4 Nc7 24. Be5 Nd7 25. Bc3 Bb4 26. Bc2 Ra8 27. d4 Bxc3 28. Nxc3 Qxb2 29. Bxa4 Nb8 30. Rb1 Qa3 31. Ra1 Qb4 32. Reb1 Qxc4 33. Qg3 Nd5 34. Bb3 Qxc3 35. Rxa8 Qxg3 36. fxg3 Nd7 37. Ra7 N7b6 38. Ra6 Nc3 39. Rb2 Nbd5 40. Bc4 0-1